| 000 | 00406nam a2200145Ia 4500 | ||
|---|---|---|---|
| 008 | 230917s9999||||xx |||||||||||||| ||und|| | ||
| 040 |
_e209779 _aMAIN |
||
| 041 | _aEnglish | ||
| 082 | _a340.072 B332S | ||
| 100 | _aBaxi, Upendra | ||
| 245 | 0 | _aSocio-legal research in India: A programschrift | |
| 260 |
_aNew Delhi _bIndian Council of School Science Research _c1975 |
||
| 300 | _ax, 50 p. | ||
| 942 | _cBK | ||
| 999 |
_c134715 _d134715 |
||